Countries With Active Volcanoes Since 1960 - Statistics

General Stats
  • This quiz has been taken 41 times
  • The average score is 31 of 42
Answer Stats
Country % Correct
Indonesia
97%
Mexico
97%
United States
97%
Argentina
94%
Chile
94%
Ecuador
94%
Japan
91%
Russia
91%
Peru
89%
Philippines
89%
Bolivia
86%
Colombia
86%
Guatemala
86%
Italy
86%
Papua New Guinea
86%
Australia
83%
Costa Rica
83%
Iceland
83%
India
83%
New Zealand
83%
Nicaragua
83%
Spain
83%
El Salvador
77%
Democratic Republic of the Congo
74%
Ethiopia
71%
Vanuatu
71%
Tanzania
69%
Tonga
69%
United Kingdom
69%
Norway
66%
Portugal
63%
South Africa
63%
Solomon Islands
60%
Cameroon
57%
Eritrea
54%
Yemen
49%
Dominica
46%
Grenada
46%
Saint Vincent and the Grenadines
43%
Comoros
40%
Djibouti
37%
Cape Verde
34%
No matching quizzes found
Score Distribution
Percent of People with Each Score
Percentile by Number Answered
Your Score History
You have not taken this quiz